New York's Cities Quiz Stats

 Plays Quiz not verified by Sporcle

Challenge
Share
Tweet
Embed
Score 0/10 Timer 03:00
0 Plays Today
Population City % Correct
8,274,527New York
98.6%
279,745Buffalo
94.3%
93,523Albany
93.4%
141,683Syracuse
92%
211,091Rochester
89.6%
196,425Yonkers
76.9%
59,336Utica
56.6%
61,280Schenectady
37.7%
72,967New Rochelle
28.3%
67,924Mount Vernon
16.5%

You're not logged in!

Compare scores with friends on all Sporcle quizzes.
OR
Log In

You Might Also Like...

Show Comments

Extras

Top Quizzes Today


Score Distribution

Your Account Isn't Verified!

In order to create a playlist on Sporcle, you need to verify the email address you used during registration. Go to your Sporcle Settings to finish the process.

Report this User

Report this user for behavior that violates our Community Guidelines.

Details: